000 00524nam a2200193Ia 4500
005 20230208123438.0
008 131103s9999 xx 000 0 und d
040 _aLoreto College
041 _aEnglish
082 _a820.9
_bCOM
100 _aCompton- Rickett, Arthur
245 2 _aA history of english literature
_cArthur Compton- Rickett
260 _aLondon
_bNelson
_c1966
300 _a696p.
504 _aIncludes index
650 _aEnglish Literature - History and Criticism
850 _aLCLIB
942 _cBK
999 _c21061
_d71540